UBT Library

THE CONSUMER INSIGHT WORKBOOK (Record no. 37502)

000 -LEADER
fixed length control field 00302nam a22001337a 4500
008 - FIXED-LENGTH DATA ELEMENTS--GENERAL INFORMATION
fixed length control field 171103b xxu||||| |||| 00| 0 eng d
020 ## - INTERNATIONAL STANDARD BOOK NUMBER
International Standard Book Number 9780962141591
041 ## - LANGUAGE CODE
Language code of text/sound track or separate title eng
080 ## - UNIVERSAL DECIMAL CLASSIFICATION NUMBER
Universal Decimal Classification number 339.138
100 ## - Rafti
Rafti 60
101 ## - Shkurtesa
Shkurtesa MAR
245 ## - TITLE STATEMENT
Title THE CONSUMER INSIGHT WORKBOOK
Statement of responsibility, etc LISA.F
942 ## - ADDED ENTRY ELEMENTS (KOHA)
Source of classification or shelving scheme
Item type Books
Holdings
Withdrawn status Lost status Source of classification or shelving scheme Damaged status Not for loan Collection code Permanent location Current location Shelving location Date acquired Total Checkouts Full call number Barcode Date last seen Price effective from Koha item type
          Koleksioni i përgjithshem UBT - Lipjan UBT - Lipjan Koleksioni i përgjithshem 11/03/2017   339.138 LIS 002-2936803 11/03/2017 11/03/2017 Books
UBT Library © 2015-2024. All rights reserved University Education for Business and Technology